000 01171nam a2200229Ii 4500
003 JO-AjNU
008 230605s9999||||xx |||||||||||||| ||und||
017 _a2009/5/1715
020 _a9957-16-364-8
040 _aJO-AjNU
_bara
_erda
_cJO-AjNU
041 _aara
050 1 4 _aK5431.2010
100 3 _a العكايلة ، عبدالله ماجد ,
_eauthor
_925038
245 0 0 _aالوجيز في الضبطية القضائية : دراسة تحليلية تأصيلية نقدية مقارنة في القوانين العربية والأجنبية
250 _aط1
264 3 1 _aعمان : دار الثقافة ، 2010
300 _a655ص
_bيشتمل على قائمة بالمراجع الببليوغرافية باللغة العربية والأنجليزية والفرنسية ص (643 - 654)
336 _atext
_btxt
_2rdacontent
337 _aunmediated
_bn
_2rdamedia
338 _avolume
_bnc
_2rdacarrier
650 4 _aالضبط القضائي -- قوانين وتشريعات -- المسؤلية الجنائية -- التفتيش القضائي -- الضبط القضائي -- قوانين وتشريعات -- العالم العربي
_925039
999 _aA9313
_c12881
_d12881